La formación en escuelas infantiles: una experiencia en la región de Murcia
Guardat en:
| Autors principals: | , |
|---|---|
| Format: | Llibre |
| Idioma: | espanyol |
| Publicat: |
Murcia
Universidad de Murcia
1993
|
| Matèries: | |
| Etiquetes: |
Afegir etiqueta
Sense etiquetes, Sigues el primer a etiquetar aquest registre!
|
MARC
| LEADER | 00000nam a2200000 a 4500 | ||
|---|---|---|---|
| 001 | UCU2227 | ||
| 003 | CL-VaPUC | ||
| 008 | 960419e19930000SP |||||||||||||||||spa|d | ||
| 082 | 0 | 4 | |a 371.01 |b MON |2 21 |
| 100 | |a Montes del Castillo, Angel |e autor |9 358267 | ||
| 700 | 0 | |a Saéz Carreras, Juan |e author |9 358268 | |
| 245 | 1 | 3 | |a La formación en escuelas infantiles: una experiencia en la región de Murcia |
| 300 | |a 436 p | ||
| 942 | |c BK | ||
| 945 | |d 19960419 00:00:00 |a mcarcey | ||
| 260 | |a Murcia |b Universidad de Murcia |c 1993 | ||
| 650 | 0 | |a Comunidad |9 308730 | |
| 650 | 0 | |a Desarrollo infantil |9 308064 | |
| 650 | 0 | |a Educación básica |9 224933 | |
| 650 | 7 | |a SALUD E HIGIENE |2 CL-VaPUC |9 307452 | |
| 650 | 0 | |a Educación preescolar |9 260381 | |
| 651 | 7 | |a MURCIA |2 CL-VaPUC |9 324080 | |
| 651 | 0 | |a España |9 254926 | |
| 583 | |a last modification |c 19960419 00:00:00 |k Rodrigo Vera | ||
| 999 | |c 246596 |d 246594 | ||
| 952 | |0 0 |1 0 |4 0 |6 371_010000000000000_MON_1993 |7 0 |8 P |9 261708 |a BIBEDU |b BIBEDU |c BIBEDU_PB |d 2019-11-19 |i 3192512 |o 371.01 MON 1993 |p 3192512 |r 2024-01-25 |w 2019-11-19 |y BK |k EDU | ||